000 00547nam a2200181 i 4500
001 149946
003 ES-MaACL
005 20230906203323.0
007 t|
008 071025s1959 sp ||||1| spa d
100 1 _aVander, Adrianus.
_9113059
245 1 0 _aEvite el cáncer
_b: los mas recientes tratamientos preventivos y curativos /
_cA. Vander.
250 _a1ª ed.
260 _aBarcelona :
_bSintes,
_c1959.
300 _a143 p., 25 lám. ;
_c19 cm.
650 0 4 _aCáncer-
_xPrevención.
_910720
852 _aES-MaACL
_jC-17039
_bR.44504
999 _c149946
_d149946